<?xml version="1.0" encoding="UTF-8"?>
<record
    xmlns:xsi="http://www.w3.org/2001/XMLSchema-instance"
    xsi:schemaLocation="http://www.loc.gov/MARC21/slim http://www.loc.gov/standards/marcxml/schema/MARC21slim.xsd"
    xmlns="http://www.loc.gov/MARC21/slim">

  <leader>01829nam a22003137a 4500</leader>
  <controlfield tag="001">8980</controlfield>
  <controlfield tag="003">FISKH</controlfield>
  <controlfield tag="005">20251112134624.0</controlfield>
  <controlfield tag="008">251112b        cb ||||| |||| 00| 0 eng d</controlfield>
  <datafield tag="020" ind1=" " ind2=" ">
    <subfield code="a">9789995054755</subfield>
  </datafield>
  <datafield tag="040" ind1=" " ind2=" ">
    <subfield code="a">FISKH</subfield>
    <subfield code="b">khr</subfield>
    <subfield code="c">FISKH</subfield>
    <subfield code="d">FISKH</subfield>
  </datafield>
  <datafield tag="050" ind1=" " ind2=" ">
    <subfield code="a">PZ7 </subfield>
  </datafield>
  <datafield tag="082" ind1=" " ind2=" ">
    <subfield code="a">895.922</subfield>
  </datafield>
  <datafield tag="100" ind1=" " ind2=" ">
    <subfield code="a">Socheata, Houth </subfield>
  </datafield>
  <datafield tag="245" ind1=" " ind2=" ">
    <subfield code="a">&#x1796;&#x17D2;&#x179A;&#x17C7;&#x17A2;&#x1784;&#x17D2;&#x1782;&#x1798;&#x17D2;&#x1785;&#x17B6;&#x179F;&#x17CB;&#x1785;&#x17D0;&#x1793;&#x17D2;&#x1791;&#x1797;&#x17B6;&#x1793;&#x17BB; / </subfield>
    <subfield code="c">&#x1793;&#x17B7;&#x1796;&#x1793;&#x17D2;&#x1792;&#x178A;&#x17C4;&#x1799; &#x17A0;&#x17BD;&#x178F; &#x179F;&#x17BB;&#x1787;&#x17B6;&#x178F;&#x17B6;&#x200B;</subfield>
  </datafield>
  <datafield tag="250" ind1=" " ind2=" ">
    <subfield code="a">&#x1794;&#x17C4;&#x17C7;&#x1796;&#x17BB;&#x1798;&#x17D2;&#x1796;&#x179B;&#x17BE;&#x1780;&#x1791;&#x17B8;&#x17E2;</subfield>
  </datafield>
  <datafield tag="260" ind1=" " ind2=" ">
    <subfield code="a">&#x1797;&#x17D2;&#x1793;&#x17C6;&#x1796;&#x17C1;&#x1789; : </subfield>
    <subfield code="b">Digital Advertising , </subfield>
    <subfield code="c">&#x17E2;&#x17E0;&#x17E1;&#x17E2; .</subfield>
  </datafield>
  <datafield tag="300" ind1=" " ind2=" ">
    <subfield code="a">40 pages : </subfield>
    <subfield code="b">color illustrations ;</subfield>
    <subfield code="c">25 cm . </subfield>
  </datafield>
  <datafield tag="490" ind1=" " ind2=" ">
    <subfield code="a">&#x1781;&#x17D2;&#x1789;&#x17BB;&#x17C6;&#x1785;&#x1784;&#x17CB;&#x17A2;&#x17B6;&#x1793;</subfield>
  </datafield>
  <datafield tag="505" ind1=" " ind2=" ">
    <subfield code="a">P 
</subfield>
  </datafield>
  <datafield tag="520" ind1=" " ind2=" ">
    <subfield code="a">&#x1796;&#x17D2;&#x179A;&#x17C7;&#x17A2;&#x1784;&#x17D2;&#x1782;&#x1798;&#x17D2;&#x1785;&#x17B6;&#x179F;&#x17CB;&#x1785;&#x17D0;&#x1793;&#x17D2;&#x1791;&#x1797;&#x17B6;&#x1793;&#x17BB;&#x1798;&#x17B6;&#x1793;&#x1785;&#x179A;&#x17B7;&#x178F;&#x1780;&#x17D2;&#x179A;&#x17A2;&#x17B8;&#x178F;&#x1780;&#x17D2;&#x179A;&#x1791;&#x1798; &#x17D4; &#x1791;&#x17D2;&#x179A;&#x1784;&#x17CB;&#x1785;&#x17BC;&#x179B;&#x1785;&#x17B7;&#x178F;&#x17D2;&#x178F;&#x1794;&#x179A;&#x1794;&#x17B6;&#x1789;&#x17CB;&#x179F;&#x178F;&#x17D2;&#x179C; &#x17D4; &#x178A;&#x17C4;&#x1799;&#x179F;&#x17B6;&#x179A;&#x1797;&#x17B6;&#x1796;&#x1786;&#x17D2;&#x1798;&#x17BE;&#x1784;&#x1786;&#x17D2;&#x1798;&#x17C3;&#x179A;&#x1794;&#x179F;&#x17CB;&#x1781;&#x17D2;&#x179B;&#x17BD;&#x1793; &#x1793;&#x17B6;&#x1784;&#x1792;&#x17D2;&#x1798;&#x1794;&#x17CB;&#x1785;&#x17D2;&#x179A;&#x1798;&#x17BB;&#x17C7;&#x179C;&#x17C2;&#x1784;&#x1794;&#x17B6;&#x1793;&#x1792;&#x17D2;&#x179C;&#x17BE;&#x17A2;&#x17C4;&#x1799;&#x1793;&#x1782;&#x179A;&#x179A;&#x1794;&#x179F;&#x17CB;&#x1796;&#x17D2;&#x179A;&#x17C7;&#x17A2;&#x1784;&#x17D2;&#x1782;&#x1780;&#x17D2;&#x179B;&#x17B6;&#x1799;&#x1787;&#x17B6;&#x1790;&#x17D2;&#x1798; &#x17A0;&#x17BE;&#x1799;&#x1796;&#x17D2;&#x179A;&#x17C7;&#x17A2;&#x1784;&#x17D2;&#x1782;&#x1780;&#x17CF;&#x1794;&#x17B6;&#x1793;&#x1794;&#x17B6;&#x178F;&#x17CB;&#x1794;&#x1784;&#x17CB;&#x1780;&#x17B6;&#x179A;&#x1785;&#x1784;&#x1785;&#x17B6;&#x17C6;&#x1795;&#x1784;&#x178A;&#x17C2;&#x179A; &#x17D4;&#x200B; </subfield>
  </datafield>
  <datafield tag="520" ind1=" " ind2=" ">
    <subfield code="a">Prince Chandphanu had an arrogant and prideful character. He enjoyed hunting animals. Because of his arrogance, a long-nosed witch turned his kingdom into stone, and the prince also lost his memory.</subfield>
  </datafield>
  <datafield tag="521" ind1="8" ind2=" ">
    <subfield code="a">660 
</subfield>
    <subfield code="b">Lexile estimate 
</subfield>
  </datafield>
  <datafield tag="521" ind1="8" ind2=" ">
    <subfield code="a">P 
</subfield>
    <subfield code="b">Raz-Plus 
</subfield>
  </datafield>
  <datafield tag="650" ind1=" " ind2=" ">
    <subfield code="a">&#x1796;&#x17D2;&#x179A;&#x17C7;&#x17A2;&#x1784;&#x17D2;&#x1782;&#x1798;&#x17D2;&#x1785;&#x17B6;&#x179F;&#x17CB;&#x1785;&#x17D0;&#x1793;&#x17D2;&#x1791;&#x1797;&#x17B6;&#x1793;&#x17BB;</subfield>
    <subfield code="v">&#x179A;&#x17BF;&#x1784;&#x1793;&#x17B7;&#x1791;&#x17B6;&#x1793;&#x1780;&#x17BB;&#x1798;&#x17B6;&#x179A;</subfield>
  </datafield>
  <datafield tag="700" ind1=" " ind2=" ">
    <subfield code="a">Sophorn, Chan</subfield>
    <subfield code="e">Illustrator </subfield>
  </datafield>
  <datafield tag="942" ind1=" " ind2=" ">
    <subfield code="2">ddc</subfield>
    <subfield code="c">KHB</subfield>
    <subfield code="n">0</subfield>
  </datafield>
  <datafield tag="999" ind1=" " ind2=" ">
    <subfield code="c">8980</subfield>
    <subfield code="d">8980</subfield>
  </datafield>
  <datafield tag="952" ind1=" " ind2=" ">
    <subfield code="0">0</subfield>
    <subfield code="1">0</subfield>
    <subfield code="2">ddc</subfield>
    <subfield code="4">0</subfield>
    <subfield code="7">0</subfield>
    <subfield code="8">KH</subfield>
    <subfield code="a">002</subfield>
    <subfield code="b">002</subfield>
    <subfield code="c">TTP Khmer</subfield>
    <subfield code="d">2025-11-12</subfield>
    <subfield code="l">0</subfield>
    <subfield code="o">SOC PZ7 895.922</subfield>
    <subfield code="p">FISBK03710</subfield>
    <subfield code="r">2025-11-12 12:43:00</subfield>
    <subfield code="t">1</subfield>
    <subfield code="w">2025-11-12</subfield>
    <subfield code="y">KHB</subfield>
  </datafield>
  <datafield tag="952" ind1=" " ind2=" ">
    <subfield code="0">0</subfield>
    <subfield code="1">0</subfield>
    <subfield code="2">ddc</subfield>
    <subfield code="4">0</subfield>
    <subfield code="7">0</subfield>
    <subfield code="8">KH</subfield>
    <subfield code="a">002</subfield>
    <subfield code="b">002</subfield>
    <subfield code="c">TTP Khmer</subfield>
    <subfield code="d">2025-11-28</subfield>
    <subfield code="l">0</subfield>
    <subfield code="o">SOC PZ7 895.922</subfield>
    <subfield code="p">2025-4992</subfield>
    <subfield code="r">2025-11-28 10:25:14</subfield>
    <subfield code="t">2</subfield>
    <subfield code="w">2025-11-28</subfield>
    <subfield code="y">KHB</subfield>
  </datafield>
</record>
